Central Library OPAC University of Rajshahi

Rules for a dictionary catalog (Record no. 41058)

MARC details
000 -LEADER
fixed length control field 00720nam a2200241 a 4500
001 - CONTROL NUMBER
control field 41058
003 - CONTROL NUMBER IDENTIFIER
rucl marc code BD-RjUL
005 - DATE AND TIME OF LATEST TRANSACTION
control field 20211209053324.0
008 - FIXED-LENGTH DATA ELEMENTS--GENERAL INFORMATION
fixed length control field 160514r19651904wau||||| |||| 001 0 eng d
035 ## - SYSTEM CONTROL NUMBER
System control number (BD-RjUL)41174
040 ## - CATALOGING SOURCE
Original cataloging agency BD-RjUL
Language of cataloging eng
Transcribing agency BD-RjUL
041 ## - LANGUAGE CODE
Language code of text/sound track or separate title eng
082 ## - DEWEY DECIMAL CLASSIFICATION NUMBER
Edition number 23
Classification number 025.32
Author mark and year CUR 1965
100 ## - MAIN ENTRY--PERSONAL NAME
Personal name Cutter, Charles A.
9 (RLIN) 126341
245 12 - TITLE STATEMENT
Title Rules for a dictionary catalog
Number of part/section of a work Charles A Cutter
250 ## - EDITION STATEMENT
Edition statement 4th ed.
260 ## - PUBLICATION, DISTRIBUTION, ETC. (IMPRINT)
Place of publication, distribution, etc. Washington :
Name of publisher, distributor, etc. Government Printing Office,
Date of publication, distribution, etc. 1904
300 ## - PHYSICAL DESCRIPTION
Pagination 173 p. ;
Size 23 cm.
490 ## - SERIES STATEMENT
Series statement Special report on public libraries (U.S. Bureau of education), pt. 2.
500 ## - GENERAL NOTE
General note Includes Index
650 ## - SUBJECT ADDED ENTRY--TOPICAL TERM
Topical term or geographic name as entry element Dictionary catalogs.
9 (RLIN) 126342
942 ## - ADDED ENTRY ELEMENTS (KOHA)
Source of classification or shelving scheme Dewey Decimal Classification
Koha item type Books
Holdings
Lost status Source of classification or shelving scheme Damaged status Not for loan Collection code Permanent Location Current Location Shelving location Date acquired Source of acquisition Cost, normal purchase price Total Checkouts Full call number Date last seen Copy number Koha item type
  Dewey Decimal Classification     Non-fiction Central Library, University of Rajshahi Central Library, University of Rajshahi   28/02/1983 Asia Foundation, Dhaka 0.00   025.32 CUR 1965 14/05/2016 C-2 Books